Fintech & Cryptocurrency

Saved in:
Bibliographic Details
Main Author: Mohd Naved
Format: Book
Published: Wiley
Subjects:
Tags: Add Tag
No Tags, Be the first to tag this record!

MARC

LEADER 00000nam a2200000Ia 4500
005 20260427112657.0
526 |b FinTech 
100 |a Mohd Naved 
020 |a 9781119904816 
650 |a Crypto 
526 |a Masters 
942 |c BK 
245 |a Fintech & Cryptocurrency 
260 |b Wiley 
999 |c 49  |d 49 
952 |0 0  |1 0  |4 0  |7 0  |8 3  |a BRISTOL  |b BRISTOL  |d 2026-04-22  |l 0  |p 000096  |r 2026-04-27 11:26:57  |w 2026-04-27  |y BK